Album - The Great Impersonator by Halsey - Statistics

General Stats
  • This quiz has been taken 17 times
  • The average score is 14 of 18
Answer Stats
Songs % Correct
2 Ego
93%
4 Letter to God (1974)
93%
16 Lucky
93%
18 The Great Impersonator
93%
3 Dog Years
86%
9 Hometown
86%
8 Letter to God (1983)
86%
1 Only Living Girl in LA
86%
5 Panic Attack
86%
15 Hurt Feelings
79%
7 I Believe in Magic
79%
17 Letter to God (1998)
79%
13 Arsonist
71%
11 Darwinism
71%
12 Lonely is the Muse
71%
6 The End
71%
10 I Never Loved You
64%
14 Life of the Spider (Draft)
57%
No matching quizzes found
Score Distribution
Percent of People with Each Score
Percentile by Number Answered
Your Score History
You have not taken this quiz